Kitap İçin 2 : [Aforizma, Alıntı, Kis(s)a] (Record no. 1974)

000 -LEADER
fixed length control field 00495nam a22001817a 4500
008 - FIXED-LENGTH DATA ELEMENTS--GENERAL INFORMATION
fixed length control field 180309b xxu||||| |||| 00| | tur d
020 ## - INTERNATIONAL STANDARD BOOK NUMBER
International Standard Book Number 9789755704531
041 ## - LANGUAGE CODE
Language code of text/sound track or separate title Türkçe
050 ## - LIBRARY OF CONGRESS CALL NUMBER
Classification number PL248.A5435
100 ## - MAIN ENTRY--PERSONAL NAME
Personal name Altun, Selçuk
9 (RLIN) 1039
245 ## - TITLE STATEMENT
Title Kitap İçin 2 : [Aforizma, Alıntı, Kis(s)a]
250 ## - EDITION STATEMENT
Edition statement 1.Baskı
260 ## - PUBLICATION, DISTRIBUTION, ETC.
Place of publication, distribution, etc. İstanbul
Name of publisher, distributor, etc. Sel Yayıncılık
Date of publication, distribution, etc. Nisan 2010
300 ## - PHYSICAL DESCRIPTION
Extent 276 Sayfa
500 ## - GENERAL NOTE
General note Sel Yayıncılık : 439
650 #0 - SUBJECT ADDED ENTRY--TOPICAL TERM
9 (RLIN) 145
Topical term or geographic name entry element Türk Edebiyatı
942 ## - ADDED ENTRY ELEMENTS (KOHA)
Source of classification or shelving scheme
Koha item type Books
Holdings
Withdrawn status Lost status Source of classification or shelving scheme Damaged status Not for loan Permanent Location Current Location Shelving location Date acquired Full call number Barcode Date last seen Price effective from Koha item type
        Ödünç verilemez İmren Ahmet Tüzün Kütüphanesi İmren Ahmet Tüzün Kütüphanesi Ahmet Tüzün 2018-03-09 PL248.A5435 100100001939 2018-03-09 2018-03-09 Books

This software was implemented, installed and managed by Devinim Software Training Consulting .